Ako hodnotia vo Francúzsku výsledky neformálneho a neinštitucionálneho vzdelávania sa
Charakteristika formálneho, neformálneho, neinštitucionálneho vzdelávania sa. Sústava francúzskeho vysokoškolského vzdelávania sa. Vývoj francúzskej vysokoškolskej legislatívy o hodnotení výsledkov neformálneho a neinštitucionálneho vzdelávania sa. Procedúra VAE. Portfólio ako nástroj hodnotenia.
Salvato in:
| Autore principale: | |
|---|---|
| Natura: | Capitolo di libro |
| Lingua: | slovacco |
| Soggetti: | |
| Tags: |
Nessun Tag, puoi essere il primo ad aggiungerne!!
|
MARC
| LEADER | 00000naa$a2200000$$$4500 | ||
|---|---|---|---|
| 001 | 0059315 | ||
| 005 | 20231114072337.3 | ||
| 041 | 0 | |a slo | |
| 044 | |a SK | ||
| 245 | 1 | 0 | |a Ako hodnotia vo Francúzsku výsledky neformálneho a neinštitucionálneho vzdelávania sa |c Daniela Kočanová |
| 520 | |a Charakteristika formálneho, neformálneho, neinštitucionálneho vzdelávania sa. Sústava francúzskeho vysokoškolského vzdelávania sa. Vývoj francúzskej vysokoškolskej legislatívy o hodnotení výsledkov neformálneho a neinštitucionálneho vzdelávania sa. Procedúra VAE. Portfólio ako nástroj hodnotenia. | ||
| 610 | 2 | 0 | |a vzdelávanie vysokoškolské |
| 610 | 2 | 0 | |a vzdelávanie |
| 610 | 2 | 0 | |a Francúzsko |
| 610 | 2 | 0 | |a legislatíva |
| 610 | 2 | 0 | |a portfólio |
| 100 | 1 | |a Kočanová, Daniela | |